000 00582nam a2200169 a 4500
005 20140412111300.0
008 010327s19uu xx 00 eng d
020 _a0-590-37231-9
050 _aTR(GS 372.144
_bB53 1997
100 _aBlevins, Wiley
245 _aPhonemic awareness activities :
_bfor early reading success /
_cby Wiley Blevins.
260 _aJefferson City, MO :
_bScholastic Professional Books,
_c1997.
300 _a64 p. ;
520 _aEasy, playful activities that prepare children for phonics instruction.
650 _aTeaching strategies
999 _c103346
_d103346